000 00571nam a2200205Ia 4500
005 20250326140543.0
008 250326s9999 xx 000 0 und d
020 _a0-8342-1178-5
037 _aTextbook
040 _aFMSL
_beng
_cFMSL
041 _aeng
_2eng
084 _aL:4:51 N9
_qFMSL
100 _aFriis Robert H
_9337034
245 0 _aEpidemiology for public health practice
_cFriis Robert H; Sellers Thomas A
250 _a2th
260 _aU
_bU, S A Aspen
_c1999
300 _axiv,506
942 _cTB
_hL:4:51 N9
999 _c1286282
_d1286282